Online
Catalog

Desde el Lago del Cielo : (Record no. 43606)

MARC details
000 -CABECERA
campo de control de longitud fija 00678nam a2200193 a 4500
001 - NÚMERO DE CONTROL
campo de control 000044117
005 - FECHA Y HORA DE LA ÚLTIMA TRANSACCIÓN
campo de control 20201002045146.0
008 - DATOS DE LONGITUD FIJA--INFORMACIÓN GENERAL
campo de control de longitud fija 140516s2001 sp ab 000 0 spa d
040 ## - FUENTE DE LA CATALOGACIÓN
Centro catalogador/agencia de origen DO-SdBNP
Lengua de catalogación spa
Centro/agencia transcriptor BNPHU
041 17 - CÓDIGO DE LENGUA
Código de lengua del texto/banda sonora o título independiente spa.
Código de lengua original eng
100 1# - ENTRADA PRINCIPAL--NOMBRE DE PERSONA
Nombre de persona Seth, Vikram,
Fechas asociadas al nombre 1952-
9 (RLIN) 72118
240 10 - TÍTULO UNIFORME
Título uniforme From Heaven Lake.
245 10 - MENCIÓN DE TÍTULO
Título Desde el Lago del Cielo :
Resto del título viajes por Sinkiang, Tíbet y Nepal /
Mención de responsabilidad, etc. Vikram Seth ; traducción Juan Gabriel López-Guix.
260 ## - PUBLICACIÓN, DISTRIBUCIÓN, ETC.
Lugar de publicación, distribución, etc. Barcelona :
Nombre del editor, distribuidor, etc. Ediciones B,
Fecha de publicación, distribución, etc. 2001.
300 ## - DESCRIPCIÓN FÍSICA
Extensión 286 p. :
Otras características físicas il., mapas ;
Dimensiones 22 cm.
490 1# - MENCIÓN DE SERIE
Mención de serie Los libros de siete leguas
700 12 - PUNTO DE ACCESO ADICIONAL--NOMBRE DE PERSONA
Nombre de persona López Guix, Juan Gabriel,
Término indicativo de función/relación tr.
9 (RLIN) 32550
830 #1 - PUNTO DE ACCESO ADICIONAL DE SERIE-TÍTULO UNIFORME
Título uniforme Los libros de siete leguas
9 (RLIN) 72119
Holdings
Estado de retiro Estado de pérdida Restricciones de uso No para préstamo Código de colección Localización permanente Ubicación/localización actual Ubicación en estantería Fecha de adquisición Número de inventario Total de préstamos Signatura topográfica completa Código de barras Fecha visto por última vez Precio válido a partir de Tipo de ítem Koha
      Excluido de préstamo Monografías: Libros y Folletos General General En catalogación 16.05.2014 LF1   44117-10 25.06.2020 25.06.2020 No se presta

Powered by Koha